000 00748cam a2200253 4500
001 5573
005 20181127175809.0
008 150624s2016 nyu d 000 1 eng
010 _a 2015013379
020 _a9780008167936
020 _a9781250080240 (e-book)
042 _alcac
_apcc
100 1 _aAhern, Cecelia,
_d1981-
245 1 0 _aThe Marble Collector /
_cCecelia Ahern.
250 _aFirst edition.
264 1 _aNew York :
_bHarperCollinsPublishers,
_c2015.
300 _apages cm
336 _atext
_2rdacontent
337 _aunmediated
_2rdamedia
338 _avolume
_2rdacarrier
650 1 _aFamily secrets --Fiction.
650 1 _aFathers and daughters
_vFiction.
650 1 _aMarbles (Game) --Collectors and collecting
_vFiction.
999 _c4694
_d4694